| 000 | 01030pam a2200289 a 4500 | ||
|---|---|---|---|
| 001 | 1559450 | ||
| 003 | OSt | ||
| 005 | 20160331144902.0 | ||
| 008 | 920403s1993 mau j 000 1 eng | ||
| 010 | _a 92015034 | ||
| 020 | _a9780440237686 | ||
| 040 |
_aDLC _cDLC _dDLC |
||
| 042 | _alcac | ||
| 050 | 0 | 0 |
_aPZ 7 _b.L967 1993 |
| 100 | 1 |
_aLowry, Lois. _93746 |
|
| 245 | 1 | 4 |
_aThe giver / _cLois Lowry. |
| 260 |
_aBoston : _bHoughton Mifflin, _c1993. |
||
| 300 |
_a180 pages ; _c22 cm. |
||
| 562 | _eFor circulation. Four copies available in the collection. | ||
| 650 | 1 | _aScience fiction. | |
| 856 | 4 | 2 |
_3Publisher description _uhttp://www.loc.gov/catdir/description/hm021/92015034.html |
| 856 | 4 | 2 |
_3Contributor biographical information _uhttp://www.loc.gov/catdir/enhancements/fy0736/92015034-b.html |
| 906 |
_a7 _bcbc _corignew _d1 _eocip _f19 _gy-gencatlg |
||
| 942 |
_2lcc _cBK |
||
| 999 |
_c42311 _d42311 |
||